ਤੱਤ ਸਾਗਰ ਭਾਈ ਗੁਰਦਾਸ (Record no. 1230033)

MARC details
000 -LEADER
fixed length control field 00782nam a2200217Ia 4500
005 - DATE AND TIME OF LATEST TRANSACTION
control field 20241129111338.0
008 - FIXED-LENGTH DATA ELEMENTS--GENERAL INFORMATION
fixed length control field 241129s9999||||xx |||||||||||||| ||und||
037 ## - SOURCE OF ACQUISITION
Stock number TB
040 ## - CATALOGING SOURCE
Original cataloging agency CRL
Language of cataloging pun
Transcribing agency CRL
041 ## - LANGUAGE CODE
Language code of text/sound track or separate title pun
Source of code pun
084 ## - COLON CLASSIFICATION NUMBER
Classification number Q8441:21x 153Q3
Assigning agency CRL
100 ## - MAIN ENTRY--PERSONAL NAME
Personal name ਤਤਲੇ, ਸੰਤਾ ਸਿੰਘ, ਚ।
245 #0 - TITLE STATEMENT
Title ਤੱਤ ਸਾਗਰ ਭਾਈ ਗੁਰਦਾਸ
Statement of responsibility, etc. ਤਤਲੇ, ਸੰਤਾ ਸਿੰਘ, ਚ।
260 ## - PUBLICATION, DISTRIBUTION, ETC.
Place of publication, distribution, etc. ਅੰਮ੍ਰਿਤਸਰ, ਭਾਰਤ
Name of publisher, distributor, etc. ਅੰਮ੍ਰਿਤਸਰ ਗੁਰੂ ਨਾਨਕ ਦੇਵ ਯੂਨੀਵਰਸਿਟੀ
Date of publication, distribution, etc. 2013
300 ## - PHYSICAL DESCRIPTION
Extent 360ਪ੍ਰ0
365 ## - TRADE PRICE
Price type code INR
Price amount 400
490 ## - SERIES STATEMENT
Volume/sequential designation V.1
650 ## - SUBJECT ADDED ENTRY--TOPICAL TERM
Topical term or geographic name entry element SikhismReligion
942 ## - ADDED ENTRY ELEMENTS (KOHA)
Koha item type Textbook
Classification part Q8441:21x 153Q3
Holdings
Withdrawn status Lost status Damaged status Not for loan Home library Current library Date acquired Source of acquisition Cost, normal purchase price Inventory number Total Checkouts Full call number Barcode Date last seen Price effective from Koha item type
        Central Library Central Library 2024-11-29 H.K. Prakashan 400.00 1629 & 29/01/2024   Q8441:21x 153Q3 CL1680836 2024-11-29 2024-11-29 Textbook
Copyright @ Delhi University Library System